Countries with 4+ vowels Quiz Stats

 Plays Quiz not verified by Sporcle

Challenge
Share
Tweet
Embed
Score 0/96 Timer 12:00
0 Plays Today
# of vowels Country % Correct
10United States of America
97.7%
5United Kingdom
95.9%
5Australia
94.2%
4Argentina
93%
11Democratic Republic of the Congo
89.5%
5South Africa
89%
5Indonesia
87.8%
5South Korea
86.6%
4North Korea
86%
7Republic of the Congo
84.9%
4Uzbekistan
84.9%
4Turkmenistan
83.7%
9United Arab Emirates
83.7%
5Venezuela
83.7%
4New Zealand
83.1%
4Afghanistan
82.6%
4Colombia
81.4%
8Central African Republic
80.2%
4Madagascar
80.2%
4Mongolia
80.2%
4Guinea
79.7%
5Nicaragua
79.7%
5Paraguay
79.7%
7Saudi Arabia
79.7%
4Tajikistan
77.9%
4Austria
77.3%
4Czech Republic
77.3%
5Lithuania
77.3%
7Trinidad and Tobago
77.3%
9Bosnia and Herzegovina
76.7%
4Luxembourg
76.7%
4Algeria
76.2%
# of vowels Country % Correct
7Dominican Republic
76.2%
5Liechtenstein
76.2%
5Mozambique
76.2%
8Papua New Guinea
76.2%
4Romania
76.2%
6 (4)Saint Kitts and Nevis
76.2%
4Slovakia
76.2%
5Uruguay
76.2%
4Costa Rica
75%
4Croatia
74.4%
10Equatorial Guinea
74.4%
5Ethiopia
74.4%
5Guatemala
74.4%
5 (4) (4)Vatican City
74.4%
4Nigeria
74.4%
4 (5)Philippines
74.4%
4Slovenia
74.4%
4Ukraine
74.4%
4El Salvador
73.8%
4Bolivia
73.3%
4Dominica
72.7%
4Jamaica
72.7%
5Malaysia
72.7%
5Azerbaijan
72.1%
6 (5)Cote d'Ivoire
72.1%
4Estonia
72.1%
10 (8)Saint Vincent and the Grenadines
72.1%
7Guinea-Bissau
71.5%
4Somalia
70.9%
4Eritrea
70.3%
4Albania
69.8%
4Bulgaria
69.8%
# of vowels Country % Correct
5Micronesia
69.8%
4Cambodia
69.2%
4Montenegro
69.2%
4Suriname
69.2%
4Namibia
68.6%
4Marshall Islands
68%
6Sierra Leone
68%
4Georgia
67.4%
6Mauritania
66.9%
4Tanzania
66.9%
4Ecuador
66.3%
8Antigua and Barbuda
65.7%
4Armenia
65.7%
4Cameroon
65.7%
5Macedonia
65.7%
5Solomon Islands
65.7%
4Tunisia
65.7%
5Burkina Faso
64.5%
4Cape Verde
62.8%
4Liberia
62.8%
8Sao Tome and Principe
62.8%
4Djibouti
62.2%
5Mauritius
62.2%
4Vanuatu
62.2%
4Singapore
61.6%
5 (3)Saint Lucia
61%
4Kiribati
60.5%
4San Marino
59.3%
4 (4)East Timor
54.1%
4Seychelles
52.9%
4Guyana
48.3%
4The Gambia
44.8%

You're not logged in!

Compare scores with friends on all Sporcle quizzes.
Join for Free
OR
Log In

You Might Also Like...

Show Comments

Extras

Created Dec 28, 2009SourceReportNominate
Tags:Country Quiz, vowel

Top Quizzes Today


Score Distribution

Your Account Isn't Verified!

In order to create a playlist on Sporcle, you need to verify the email address you used during registration. Go to your Sporcle Settings to finish the process.

Report this User

Report this user for behavior that violates our Community Guidelines.

Details: